¿ Una especie en extinción?: la izquierda mexicana tras la derrota /
Saved in:
| Main Author: | |
|---|---|
| Format: | Text |
| Subjects: | |
| Tags: |
Add Tag
No Tags, Be the first to tag this record!
|
MARC
| LEADER | 00000 a a2200000 04500 | ||
|---|---|---|---|
| 001 | 10873 | ||
| 003 | |||
| 040 | |||
| 100 | |a Bartra, Roger | ||
| 245 | |a ¿ Una especie en extinción?: |b la izquierda mexicana tras la derrota / |c Roger Bartra | ||
| 650 | |a SOCIALISMO | ||
| 650 | |a ELECCIONES | ||
| 650 | |a POLITICA | ||
| 650 | |a MEXICO | ||
| 773 | |g número 211; páginas 4-12 | ||
| 999 | |c 25932 |d 25932 | ||
